Mots mystères #1 - Statistiques

Statistiques générales
  • Ce quiz a été pris 183 fois
  • Le résultat moyen est 8 sur 10
Statistiques - réponses
Indice Mot % Correct
Préposition homonyme de la première lettre de l'alphabet à
100%
"Friend" en français ami.e
100%
Auxillaire qui n'est pas "être" d'avoir
97%
Moi, .... , Lui toi
95%
Bonjour, Au revoir, s'il te plaît, ... merci
90%
Ce que l'on retrouve le plus et qui est le principe de JetPunk quiz
78%
"Tenter" au passé composé tenté
77%
Me, te, .... ce
67%
Département 18 Cher.e
60%
Personne allant sur JetPunk JetPunker,
42%
Aucun quiz correspondant
Distribution des résultats
% des personnes avec chaque résultat
Percentile par nombre de réponses
Votre historique - résultats
Vous n’avez pas pris ce quiz